Appleton International Airport Destinations (Appleton, WI, USA) - Map - Statistics

General Stats
  • This quiz has been taken 17 times
  • The average score is 21 of 23
Answers on the Map
Answers color-coded by a green-red scale on the quiz's map according to % correct below.
 
Answer Stats
Destination % Correct
Atlanta
100%
Charlotte
100%
Chicago (O'Hare)
100%
Dallas/Fort Worth
100%
Denver
100%
Detroit
100%
Las Vegas
100%
Nashville
100%
Newark
100%
Orlando
100%
Orlando/Sanford
100%
Phoenix/Mesa
100%
Phoenix (Sky Harbor)
100%
Portland (OR)
100%
Savannah
100%
Fort Lauderdale
93%
Minneapolis/St. Paul
93%
St. Petersburg/Clearwater
87%
Fort Myers
80%
Sarasota
80%
Gulf Shores
67%
Orange County
60%
Punta Gorda (FL)
53%
No matching quizzes found
Score Distribution
Percent of People with Each Score
Percentile by Number Answered
Your Score History
You have not taken this quiz